Joseph Andrews ; and, Shamela / (Record no. 174681)

000 -LEADER
fixed length control field 01440cam a2200397 a 4500
001 - CONTROL NUMBER
control field 3003884
003 - CONTROL NUMBER IDENTIFIER
control field Nust
005 - DATE AND TIME OF LATEST TRANSACTION
control field 20170207094049.0
008 - FIXED-LENGTH DATA ELEMENTS--GENERAL INFORMATION
fixed length control field 930519s1991 enk b 000 1 eng
010 ## - LIBRARY OF CONGRESS CONTROL NUMBER
LC control number 93156117
020 ## - INTERNATIONAL STANDARD BOOK NUMBER
International Standard Book Number 9780140433869
Terms of availability £4.50 ($7.95 U.S.)
040 ## - CATALOGING SOURCE
Original cataloging agency DLC
Transcribing agency DLC
Modifying agency DLC
043 ## - GEOGRAPHIC AREA CODE
Geographic area code e-uk-en
050 00 - LIBRARY OF CONGRESS CALL NUMBER
Classification number PR3454.J65
Item number E5 1991
082 00 - DEWEY DECIMAL CLASSIFICATION NUMBER
Classification number 823.5
Author Mark FIE
100 1# - MAIN ENTRY--PERSONAL NAME
Personal name Fielding, Henry,
Dates associated with a name 1707-1754.
240 10 - UNIFORM TITLE
Uniform title Joseph Andrews
245 10 - TITLE STATEMENT
Title Joseph Andrews ; and, Shamela /
Statement of responsibility, etc. Henry Fielding ; edited with an introduction by Arthur Humphreys.
260 ## - PUBLICATION, DISTRIBUTION, ETC.
Place of publication, distribution, etc. London :
Name of publisher, distributor, etc. J.M. Dent ;
Place of publication, distribution, etc. Rutland, Vt. :
Name of publisher, distributor, etc. C.E. Tuttle,
Date of publication, distribution, etc. 1999.
300 ## - PHYSICAL DESCRIPTION
Extent xxii, 389 p. ;
Dimensions 20 cm.
490 0# - SERIES STATEMENT
Series statement Everyman's library
504 ## - BIBLIOGRAPHY, ETC. NOTE
Bibliography, etc. note Includes bibliographical references.
650 #0 - SUBJECT ADDED ENTRY--TOPICAL TERM
Topical term or geographic name entry element Young men
Form subdivision Fiction.
650 #0 - SUBJECT ADDED ENTRY--TOPICAL TERM
Topical term or geographic name entry element Household employees
Form subdivision Fiction.
650 #0 - SUBJECT ADDED ENTRY--TOPICAL TERM
Topical term or geographic name entry element Male friendship
Form subdivision Fiction.
650 #0 - SUBJECT ADDED ENTRY--TOPICAL TERM
Topical term or geographic name entry element Social classes
Form subdivision Fiction.
650 #0 - SUBJECT ADDED ENTRY--TOPICAL TERM
Topical term or geographic name entry element Clergy
Form subdivision Fiction.
650 #0 - SUBJECT ADDED ENTRY--TOPICAL TERM
Topical term or geographic name entry element Humorous stories, English.
651 #0 - SUBJECT ADDED ENTRY--GEOGRAPHIC NAME
Geographic name England
Form subdivision Fiction.
700 1# - ADDED ENTRY--PERSONAL NAME
Personal name Humphreys, A. R.
Fuller form of name (Arthur Raleigh),
Dates associated with a name 1911-
700 12 - ADDED ENTRY--PERSONAL NAME
Personal name Fielding, Henry,
Dates associated with a name 1707-1754.
Title of a work Shamela.
Date of a work 1991.
740 0# - ADDED ENTRY--UNCONTROLLED RELATED/ANALYTICAL TITLE
Uncontrolled related/analytical title Shamela.
906 ## - LOCAL DATA ELEMENT F, LDF (RLIN)
a 7
b cbc
c orignew
d 3
e ncip
f 19
g y-gencatlg
942 ## - ADDED ENTRY ELEMENTS (KOHA)
Source of classification or shelving scheme
Koha item type Book
Holdings
Withdrawn status Lost status Source of classification or shelving scheme Damaged status Not for loan Permanent Location Current Location Shelving location Date acquired Full call number Barcode Date last seen Copy number Price effective from Koha item type
          Central Library (CL) Central Library (CL) Fiction 02/07/2017 823 FIE CL949 03/04/2025 1 02/07/2017 Book
© 2023 Central Library, National University of Sciences and Technology. All Rights Reserved.